PHARMACOLOGY MULTIPLE CHOICE QUESTIONS [MCQ] : For all india postgraduate medical entrance examination (Record no. 8985)

MARC details
000 -LEADER
fixed length control field 00623nam a22001817a 4500
005 - DATE AND TIME OF LATEST TRANSACTION
control field 20251127182156.0
008 - FIXED-LENGTH DATA ELEMENTS--GENERAL INFORMATION
fixed length control field 251125b |||||||| |||| 00| 0 eng d
020 ## - INTERNATIONAL STANDARD BOOK NUMBER
ISBN 978-81-933819-5-3
041 ## - LANGUAGE CODE
Language code of text/sound track or separate title eng
082 ## - DEWEY DECIMAL CLASSIFICATION NUMBER
Classification number 615.1 CHE-P
100 ## - MAIN ENTRY--AUTHOR NAME
Personal name D.M. DR CHETAN 2- V.M. DR. CHANDRASHEKHAR 3- H.L DR RAGHAVENDRA 4- BARANGI, DR. SUJATHA .
245 ## - TITLE STATEMENT
Title PHARMACOLOGY MULTIPLE CHOICE QUESTIONS [MCQ] : For all india postgraduate medical entrance examination
250 ## - EDITION STATEMENT
Edition statement re. p ed. 2020
260 ## - PUBLICATION, DISTRIBUTION, ETC. (IMPRINT)
Place of publication NEW DELHI
Name of publisher INNOVATIVE PUBLICATIONS PVT LTD
Year of publication 2020
300 ## - PHYSICAL DESCRIPTION
Number of Pages 117;P
650 ## - SUBJECT ADDED ENTRY--TOPICAL TERM
Topical Term PHARMACY
General subdivision B.PHARMA
942 ## - ADDED ENTRY ELEMENTS (KOHA)
Koha item type Books
Holdings
Lost status Damaged status Collection code Home library Current library Shelving location Date acquired Source of acquisition Cost, normal purchase price Full call number Accession Number Koha item type
    PHARMACY JRU Library JRU Library SHELF-3-E 14/11/2025 PURCHASE 450.00 615.1 29096 Books